000 00664nam a22002172 4500
001 0000018398
005 20151217152127.0
008 091026s xx 000 0 eng d
020 _a0071254439 :
040 _aKABU
_cKABU
100 1 _aNeamen, Donald A.
_@0000169620
245 1 0 _aMicroelectronics :
_bcircuit analysis and design /
_cDonald A. Neamen.
250 _a3rd ed.
260 _aNew York :
_bMcGraw-Hill,
_c2007.
300 _axxi, 1370 p.
650 0 _aElectronic circuits.
_@0000148505
650 0 _aElectronic circuit design.
_@0000157364
852 1 _9p2395 KES
908 _a091026
950 _@1
999 _c8551
_d8551